Responses for Show #5428 - Wednesday, March 26, 2008

Contestants

[<< previous game]

Dave Sikula, an Internet search editor from Pacifica, California

Debbie Howell, a proofreader from Woodland Park, Colorado

Andy Catsimanes, an Internet marketing copy writer from Overland Park, Kansas (whose 1-day cash winnings total $26,001)

[next game >>]

Jeopardy! Round responses

FOOD & DRINK
PAPA WAS A ROLLING STONE
HATS
HOMELANDS
LAST WILLS & TESTAMENTS
A "LONE"
    $200 7
whipped cream

Dave
    $200 6
Mick Jagger

Dave
    $200 1
a Stetson

Debbie
    $200 17
China

Dave
    $200 12
Shakespeare

Dave
    $200 22
Sgt. Pepper's Lonely Hearts Club Band

Andy
    $400 8
(Andy: What is tea?)

chocolate

Andy
Triple Stumper
    $400 27
Keith Richards

Andy
    $400 2
the Mad Hatter

Dave
    $400 18
Nigeria

Debbie
    $400 13
F. Scott Fitzgerald

Dave
    $400 23
provolone

Debbie
    $600 9
tequila

Dave
    $600 28
Bill Wyman

Andy
    $600 3
busby

Debbie
    $600 19
Hungary

Triple Stumper
    $600 14
Warren Burger

Dave
    $600 24
clone

Dave
    $800 10
(Debbie: What is custard?)

bread pudding

Debbie
Triple Stumper
    $800 29
Ron Wood

Dave
    $800 4
a bowler

Dave
    $800 20
Sweden

Andy
    $600 15
(Cornelius) Vanderbilt

Dave
    $800 25
a lone wolf

Dave
    $1000 11
(Dave: What is a toddy?)

Pimm's (No.1 Cup)

Dave
Triple Stumper
    $1000 30
Charlie Watts

Andy
    $1000 5
a pith helmet

Debbie
    $1000 21
Slovakia

Debbie
    $1000 16
(Cecil) Rhodes

Debbie
    $1000 26
abalone

Andy

Scores at the first commercial break (after clue 15):

Andy Debbie Dave
-$400 $1,000 $3,000

Scores at the end of the Jeopardy! Round:

Andy Debbie Dave
$3,600 $3,800 $5,400

Double Jeopardy! Round responses

SCIENCE STUFF
THE JONATHAN CLUB
SOMEBODY WROTE THAT
FRENCH BUSINESS
POLICE & THIEVES
WORD & PHRASE ORIGINS
    $400 27
pollen

Andy
    $400 14
Jonathan Winters

Dave
    $400 9
Stephen King

Andy
    $400 21
Yoplait

Andy
    $400 1
Billy the Kid

Dave
    $400 4
giddyup

Andy
    $800 15
Jonathan Taylor Thomas

Andy
    $800 10
(Dave: [Muttering, gurgling])
(Alex: Ooh, blank time.)

(John) Grisham

DebbieDave
    $800 22
(Andy: What is perfume?)

cosmetics (or makeup)

AndyDave
    $800 2
S.W.A.T.

Debbie
    $800 5
(Andy: What is moppet & puppet?)

marionette & puppet

Andy
Triple Stumper
    $1200 26
diodes

Debbie
    $1200 16
Jonathan Pryce

Dave
    $1200 11
(Sue) Grafton

Debbie
    $1200 23
(Andy: What is Perrier?)

Vivendi

AndyDave
    $1,000 3
(Debbie: Um...)
(Alex: Say something.)
(Debbie: Um, who is "Mad Anthony" Wayne?)

John Paul Jones

Debbie
    $1200 6
oxygen

Triple Stumper
    $1600 28
[The end-of-round signal sounds.]

a hormone

Triple Stumper
    $1600 17
Jonathan Demme

Andy
    $1,000 12
(Debbie: [Whispering] Oh, wow. "Harlot's Ghost".)
(Alex: Debbie?)
(Debbie: Who is Karnow?)
(Alex: No. Sadly, he passed away this year--[*]. [*].)

Norman Mailer

Debbie
    $1600 24
(Andy: What is Rolls-Royce?)
...
(Alex: Less than a minute now.)

Peugeot

AndyDave
    $1600 19
shoes

Debbie
    $1600 7
(Alex: [*], Old Kinderhook, yes.)

O.K.

Dave
    $2000 18
(Dave: Who is Jonathan Rhys-Davies?)
(Alex: No.)
...
(Alex: Who is [*]? Yes, you spoke too quickly, Dave. Sorry about that.)

Jonathan Rhys Meyers

Dave
Triple Stumper
    $2000 13
Saul Bellow

Dave
    $2000 25
(Andy: What is Suisse?)

Lyonnais

AndyDave
    $2000 20
Crown Victoria

Andy
    $2000 8
pass the buck

Triple Stumper

Scores at the end of the Double Jeopardy! Round:

Andy Debbie Dave
$3,200 $7,400 $13,800

[wagering suggestions for these scores]

Final Jeopardy! Round responses

THE ACADEMY AWARDS
(Alex: We usually associate him more with, uh, cartoons. In fact, he won that year for a few of car--of those cartoons.)
AndyWho is John Ford?
$200
DebbieWho is John Ford?
$5,400
DaveWho is Walt Disney?
$1,200
Walt Disney

Final scores:

Andy Debbie Dave
$3,000 $2,000 $15,000
2nd place: $2,000 3rd place: $1,000 New champion: $15,000

Game dynamics:

Coryat scores:

Andy Debbie Dave
$3,200 $9,400 $14,000
13 R,
6 W
12 R,
3 W
(including 2 DDs)
22 R
(including 1 DD),
3 W

Combined Coryat: $26,600

[game clues] [game scores] [suggest correction]

Game tape date: 2007-12-04
The J! Archive is created by fans, for fans. Scraping, republication, monetization, and malicious use prohibited; this site may use cookies and collect identifying information. See terms. The Jeopardy! game show and all elements thereof, including but not limited to copyright and trademark thereto, are the property of Jeopardy Productions, Inc. and are protected under law. This website is not affiliated with, sponsored by, or operated by Jeopardy Productions, Inc. Join the discussion at JBoard.tv.